LEADER 00894nam a2200205 i 4500 001 000000074971 003 CaOOAMICUS 005 20070611000000.0 008 070611s1929 it u000 u ita u 013 $a46143 040 $aSeMil$bita 100 1 $aNiccodemi, Dario.$0(OLS)http://semarc/name/37070 245 10$aTeatrino :$b1. : lettera smarrita, il poeta, festa di Beneficenza : commedie in un atto /$cDario Niccodemi. 260 $aMilano :$bFratelli Treves,$c1929. 300 $a180 p. ;$c19 cm. 650 4$aCommedia italiana - Testi.$0(OLS)http://semarc/subject/15293 850 $aSeMil 852 $aSeMil$W1$xVenegono$y1$m1D V 7$j41123$B41123$CSeMilBibl$Z2$F41127 $81 996 $6245$aTeatrino :$b1. : lettera smarrita, il poeta, festa di Beneficenza : commedie in un atto$9(OLS)http://semarc/title/121635 996 $6260$aMilano :$bFratelli Treves$9(OLS)http://semarc/publisher/30212 LEADER 00948nam a2200241 i 4500 001 000000076398 003 CaOOAMICUS 005 20071004000000.0 008 071004s1972 it u000 u ita u 013 $a47570 040 $aSeMil$bita 100 1 $aGrillandi, Massimo,$d<1921-1987>.$0(OLS)http://semarc/name/25505 245 10$a[Vittorio Sereni /$cdi Massimo Grillandi]. 260 $aFirenze :$bLa Nuova Italia,$c1972. 300 $a113 p. ;$c17 cm. 490 0 $aIl castoro ;$v62 500 $aContiene : Note bibliografiche ; Notizie biografiche. 600 14$aSereni, Vittorio <1913-1983>.$0(OLS)http://semarc/subject/15624 830 3$aIl castoro ;$v62.$0(OLS)http://semarc/title/659 850 $aSeMil 852 $aSeMil$W1$xVenegono$y1$m1L II 57$j42550$B42550$CSeMilBibl$Z2$F42554 $81 996 $6245$a[Vittorio Sereni$9(OLS)http://semarc/title/123827 996 $6260$aFirenze :$bLa Nuova Italia$9(OLS)http://semarc/publisher/30055